000 00681nab a2200205 4500
001 244442
003 OSt
005 20250717085230.0
007 tu
008 200917s2020|||||||
040 _aDE-2950
_cDE-2950
245 0 0 _aMit "Jacqueline" auf eine Zeitreise gehen
_bDDR-Nostalgie. In der ehemaligen Grundschule Mitte in der Bischofstraße probt "Das letzte Kleinod" ein besonders Theaterstück/
_cJanine Reinschmidt
264 _c2024
653 _aFrankfurt (Oder)
653 _aEisenbahntheater
653 _a"Jacqueline"
653 _aFelix Mildenberger
773 0 _g36. Jahrgang (2025) Nr. 164 vom 17.07.2025, S. 16 mit Foto
_tMärkische Oderzeitung
942 _2z
_cA
999 _c373899
_d373899